[Event "Bayern-ch Seniors 16th"]
[Site "Schloss Schney"]
[Date "2004.06.06"]
[Round "1"]
[White "Thiessen, Klaus Hinrich"]
[Black "Vogel, Gerhard1111"]
[Result "1-0"]
[WhiteElo "2150"]
[BlackElo "1694"]
[PlyCount "63"]
[EventDate "2004.06.06"]
[EventType "swiss"]
[EventRounds "9"]
[EventCountry "GER"]
[SourceTitle "EXT 2006"]
[Source "ChessBase"]
[SourceDate "2005.11.24"]
[SourceVersion "1"]
[SourceVersionDate "2005.11.24"]
[SourceQuality "1"]

1. d4 Nf6 2. c4 e5 3. dxe5 Ng4 4. Nf3 Bb4+ 5. Bd2 Qe7 6. e3 Nc6 7. Be2 Ngxe5 8. Nc3 d6 9. 0-0 Bxc3 10. Bxc3 Be6 11. Nd4 0-0 12. b3 f5 13. Qd2 Rad8 14. Rad1 Kh8 15. Rfe1 Bd7 16. Nb5 Be6 17. Bb2 a6 18. Nc3 Qf7 19. Nd5 Rd7 20. f4 Ng4 21. Bf3 Nd8 22. g3 Bxd5 23. Bxd5 Qg6 24. Bf3 Nf6 25. Bxf6 Qxf6 26. e4 Re7 27. e5 Qg6 28. exd6 Rxe1+ 29. Qxe1 cxd6 30. Qe7 Qf6 31. Qxd6 Qxd6 32. Rxd6 1-0

[Event "Bad Sooden-Allendorf Seniors op 16th"]
[Site "Bad Sooden-Allendorf"]
[Date "2004.04.24"]
[Round "3"]
[White "Rollwitz, Inge"]
[Black "Thiessen, Klaus Hinrich"]
[Result "0-1"]
[WhiteElo "1415"]
[BlackElo "1792"]
[PlyCount "58"]
[EventDate "2004.04.22"]
[EventType "swiss"]
[EventRounds "9"]
[EventCountry "GER"]
[SourceTitle "EXT 2006"]
[Source "ChessBase"]
[SourceDate "2005.11.24"]
[SourceVersion "1"]
[SourceVersionDate "2005.11.24"]
[SourceQuality "1"]

1. c4 e5 2. Nc3 Nc6 3. g3 d6 4. Bg2 Nf6 5. e3 Bf5 6. e4 Be6 7. b3 Be7 8. Nge2 0-0 9. 0-0 Qd7 10. a3 Bg4 11. Qc2 Bh3 12. d3 a6 13. f4 exf4 14. Bxf4 Bxg2 15. Kxg2 Rae8 16. b4 Nh5 17. Be3 f5 18. Nf4 Nxf4+ 19. Bxf4 fxe4 20. Nxe4 Rf5 21. Rf2 Ref8 22. Raf1 Nd4 23. Qa2 Kh8 24. Be3 Rxf2+ 25. Rxf2 Nf5 26. Qd2 Kg8 27. Bg5 h6 28. Bxe7 Qxe7 29. d4 Qxe4+ 0-1

[Event "Bad Sooden-Allendorf Seniors op 16th"]
[Site "Bad Sooden-Allendorf"]
[Date "2004.04.22"]
[Round "1"]
[White "Thiessen, Klaus Hinrich"]
[Black "Heidfeld, Christel"]
[Result "1-0"]
[WhiteElo "1792"]
[BlackElo "1301"]
[PlyCount "78"]
[EventDate "2004.04.22"]
[EventType "swiss"]
[EventRounds "9"]
[EventCountry "GER"]
[SourceTitle "EXT 2006"]
[Source "ChessBase"]
[SourceDate "2005.11.24"]
[SourceVersion "1"]
[SourceVersionDate "2005.11.24"]
[SourceQuality "1"]

1. e4 e6 2. d4 d5 3. Nc3 Bb4 4. Bd2 Bxc3 5. Bxc3 dxe4 6. Qg4 Qf6 7. d5 Qg6 8. Qxg6 hxg6 9. Bxg7 Rh7 10. Be5 f6 11. Bc3 exd5 12. 0-0-0 Be6 13. f3 exf3 14. Nxf3 Bg4 15. Rxd5 Bxf3 16. gxf3 Nd7 17. Bd3 Ne7 18. Re1 0-0-0 19. Ra5 Kb8 20. Rb5 f5 21. h4 Nb6 22. Bf6 Re8 23. Rbe5 Nbc8 24. Bc4 b6 25. Ba6 Rf7 26. Bg5 Rh7 27. Bxc8 Kxc8 28. Rxe7 Rhxe7 29. Rxe7 Rxe7 30. Bxe7 Kd7 31. Bg5 b5 32. b4 a6 33. Kd2 Ke6 34. Bf4 c6 35. Kd3 Kd5 36. Be3 Ke5 37. f4+ Kf6 38. Kd4 Ke6 39. Kc5 Kd7 1-0

[Event "Schleswig Holstein-ch Seniors 56th"]
[Site "Eckernfoerde"]
[Date "2001.04.??"]
[Round "8"]
[White "Wulff, Paul"]
[Black "Thiessen, Klaus Hinrich"]
[Result "1/2-1/2"]
[WhiteElo "1660"]
[BlackElo "1831"]
[PlyCount "41"]
[EventDate "2001.04.??"]
[EventType "swiss"]
[EventRounds "9"]
[EventCountry "GER"]
[SourceTitle "EXT 2004"]
[Source "ChessBase"]
[SourceDate "2003.11.25"]
[SourceVersion "1"]
[SourceVersionDate "2003.11.25"]
[SourceQuality "1"]

1. d4 d5 2. Nd2 Nf6 3. e3 c6 4. c4 Bg4 5. Qc2 e6 6. a3 Bf5 7. Qc3 Qc7 8. Ngf3 Nbd7 9. Bd3 Bxd3 10. Qxd3 Be7 11. 0-0 0-0 12. b3 Rad8 13. Bb2 Rfe8 14. Rac1 Qb8 15. Rfe1 Bd6 16. e4 dxe4 17. Nxe4 Bf4 18. Rcd1 Nxe4 19. Qxe4 Nf6 20. Qc2 Rd7 21. g3 1/2-1/2